Sexual abuse of girl children : (Record no. 102297)

MARC details
000 -LEADER
fixed length control field 01003nam a22002417a 4500
005 - DATE AND TIME OF LATEST TRANSACTION
control field 20180226143552.0
010 ## - LCCN (DPL NO)
LC control number 1617EN ENG-116983
020 ## - INTERNATIONAL STANDARD BOOK NUMBER
International Standard Book Number 9788131607893
Terms of availability 940.00
035 ## - SYSTEM CONTROL NUMBER
System control number EN-100515
035 ## - SYSTEM CONTROL NUMBER
System control number B-648079-086
035 ## - SYSTEM CONTROL NUMBER
System control number B-664873
037 ## - SOURCE OF ACQUISITION
Source of stock number/acquisition Mallika
Stock number dpl
037 ## - SOURCE OF ACQUISITION
Source of stock number/acquisition DBAD/PUB
082 ## - DEWEY DECIMAL CLASSIFICATION NUMBER
Classification number 362.76095479
100 ## - MAIN ENTRY--PERSONAL NAME
Personal name Pande, Rama Achyut
245 ## - TITLE STATEMENT
Title Sexual abuse of girl children :
Statement of responsibility, etc by Rama Achyut Pande
Remainder of title some hidden facts /
260 ## - PUBLICATION, DISTRIBUTION, ETC. (IMPRINT)
Place of publication, distribution, etc New Delhi
Name of publisher, distributor, etc Rawat Publications
Date of publication, distribution, etc 2016
270 ## - ADDRESS
Address 4858/24, Ansari Road, Daryaganj
City New Delhi
Postal code 110002
300 ## - PHYSICAL DESCRIPTION
Extent x,201p.
Dimensions 24cm(hb)
Other physical details illus.
942 ## - ADDED ENTRY ELEMENTS (KOHA)
Source of classification or shelving scheme Dewey Decimal Classification
Item type English Books
Classification part 362.76095479
Call number suffix PAN
Holdings
Withdrawn status Lost status Not for loan Collection code Home library Current library Date acquired Source of acquisition Cost, normal purchase price Full call number Barcode Copy number Cost, replacement price Koha item type
      Non-fiction Ashok Vihar Ashok Vihar 26/02/2018 Mallika/59/4.3.2017/16-17/AV/461/15.2.2017/7.3.2017 940.00 362.76095479 PAN B-664873 1 940.00 English Books
    Not For Loan Non-fiction D.B.Act.Division Bawana 30/12/2016 DBAD/PUB 940.00 362.76095479 PAN EN-100515 1 940.00 English Books
      Non-fiction Bawana Bawana 31/03/2017 BPPD/EN/2016-17/295/24.11.2016/45/28.11.2016/2.1.2017 940.00 362.76095479 PAN B-648085 1 940.00 English Books
      Non-fiction Central Library Central Library 31/03/2017 BPPD/EN/2016-17/295/24.11.2016/45/28.11.2016/2.1.2017 940.00 362.76095479 PAN B-648079 1 940.00 English Books
      Non-fiction Janak Puri Janak Puri 31/03/2017 BPPD/EN/2016-17/295/24.11.2016/45/28.11.2016/2.1.2017 940.00 362.76095479 PAN B-648083 1 940.00 English Books
      Non-fiction Kasturba Gandhi Marg Kasturba Gandhi Marg 31/03/2017 BPPD/EN/2016-17/295/24.11.2016/45/28.11.2016/2.1.2017 940.00 362.76095479 PAN B-648082 1 940.00 English Books
      Non-fiction New Police Line New Police Line 31/03/2017 BPPD/EN/2016-17/295/24.11.2016/45/28.11.2016/2.1.2017 940.00 362.76095479 PAN B-648080 1 940.00 English Books
      Non-fiction Patel Nagar Patel Nagar 31/03/2017 BPPD/EN/2016-17/295/24.11.2016/45/28.11.2016/2.1.2017 940.00 362.76095479 PAN B-648081 1 940.00 English Books
      Non-fiction Sarojini Nagar Sarojini Nagar 31/03/2017 BPPD/EN/2016-17/295/24.11.2016/45/28.11.2016/2.1.2017 940.00 362.76095479 PAN B-648084 1 940.00 English Books
      Non-fiction Shahdara Branch Shahdara Branch 31/03/2017 BPPD/EN/2016-17/295/24.11.2016/45/28.11.2016/2.1.2017 940.00 362.76095479 PAN B-648086 1 940.00 English Books

© Delhi Public Library
Hit Counter
free hit counter